Determinantal rings
Αποθηκεύτηκε σε:
| Κύριος συγγραφέας: | |
|---|---|
| Άλλοι συγγραφείς: | |
| Μορφή: | Βιβλίο |
| Γλώσσα: | English |
| Δημοσίευση: |
Berlin :
Springer-Verlag,
c1988
|
| Σειρά: | Lecture notes in mathematics (Springer-Verlag)
; 1327 |
| Θέματα: | |
| Ετικέτες: |
Προσθήκη ετικέτας
Δεν υπάρχουν, Καταχωρήστε ετικέτα πρώτοι!
|
MARC
| LEADER | 00000nam a2200000 i 4500 | ||
|---|---|---|---|
| 001 | 1/27978 | ||
| 008 | 941103s1988 eng d | ||
| 020 | |a 3-540-19468-1 | ||
| 035 | |a 1993 |l 10037958 | ||
| 040 | |a GR-MY-UA |b gre |e aacr | ||
| 041 | 0 | |a eng | |
| 082 | 0 | |a 512.4 | |
| 100 | 1 | |a Bruns, Winfried |d 1946- | |
| 245 | 1 | 0 | |a Determinantal rings / |c Winfried Bruns, Udo Vetter |
| 260 | |a Berlin : |b Springer-Verlag, |c c1988 | ||
| 300 | |a vii, 236 p.; |c 25 cm. | ||
| 490 | 1 | |a Lecture notes in mathematics (Springer-Verlag) |v ; 1327 | |
| 500 | |a Includes bibliographical references and index | ||
| 650 | 0 | 0 | |a Determinantal rings. |
| 700 | 1 | |a Vetter, Udo. | |
| 830 | 0 | |a Lecture notes in mathematics (Springer-Verlag) |v ; 1327 | |
| 852 | |a INST |b SAMOS |e 19941103 |h 512.4 BRU |p 005300006921 |q 005300006921 |t BK |y 0 | ||
| 909 | |a Σ |b 029190 | ||